000 007580000a22002290004500
090 _aAR
_b03497
245 1 0 _aRevision of the genus Elasmoderus saussure (Orthoptera: Tristiridae)
650 1 4 _aEntomología
_94483
650 1 4 _aTaxonomía animal
_98245
650 1 4 _aSistemática animal
_992968
650 1 4 _aMorfología animal
_99953
650 1 4 _aNuevas especies
_992905
653 _gElasmoderus
_eElasmoderus wagenknechti
653 _gPhilippiacris
_ePhilippiacris rabiosus
653 _gElasmoderus
_eelasmoderus minutus
041 0 _aInglés
700 1 _aRonderos, Ricardo A.
_996611
700 1 _aKemp, William P.
_996665
100 1 _aCigliano, María Marta
_996610
942 _cARTICULO
773 1 _tCanadian Entomologist
_q225-243
_d1989
_g121
999 _c12547
_d12547